[Event "Int SVK-ch Open 2020"]
[Site "Drienica"]
[Date "2020.08.10"]
[Round "4.23"]
[White "Kardis Benjamin"]
[Black "Tomanek Rafael"]
[Result "1/2-1/2"]
[WhiteElo "2042"]
[BlackElo "1835"]
[Annotator "TA"]
[PlyCount "86"]
[EventDate "2020.08.07"]
[EventType "swiss"]
[EventCountry "SVK"]
[SourceTitle "playchess.com"]
[Source "ChessBase"]
[SourceQuality "1"]

{[%evp 9,86,-16,-16,-19,-13,-18,-17,-32,-14,-32,-34,-80,-60,-64,-63,-97,-61,-107,-108,-148,-145,-141,-83,-157,-77,-133,-135,-164,-77,-62,0,0,6,-26,-19,-28,-18,-46,-33,-96,-91,-157,-158,-164,-163,-163,-13,-14,-12,-179,-165,-181,-70,-155,-104,-109,-122,-177,-96,-148,-96,-92,0,-105,0,0,0,-103,-73,-198,-65,-139,-100,-570,-100,-103,-92,-98,-90]} 1. f4 d5 2. Nf3 Nf6 3. g3 Bf5 4. Bg2 e6 5. d3 Bc5 6. e3 {A03: Bird's Opening with 1...d5.} h6 7. O-O Nbd7 8. c3 {The position is equal.} a5 9. Kh1 O-O {[#]} 10. h3 $146 ({Predecessor:} 10. a4 c6 11. Na3 Qb6 12. Nc2 Qa6 13. d4 Bd6 14. Nce1 Ne4 15. Kg1 Bg4 16. Nd3 {½-½ (22) Luodonpaa,M (1905)-Seppelin,V (1804) Finland 2017}) 10... c6 11. Qe2 Qb6 $36 {[%mdl 2048] Black is more active.} 12. Nh4 Qa6 13. Rd1 Bh7 14. c4 dxc4 15. dxc4 Ne4 (15... Rfd8 $142 16. e4 Nb6 17. Rxd8+ Rxd8) 16. Kh2 (16. Bxe4 $142 Bxe4+ 17. Kh2) 16... Rad8 (16... Ndf6 $142 17. Nd2 Qb6 18. Nxe4 Nxe4) 17. Nd2 (17. Bxe4 $142 Bxe4 18. Nc3) 17... Ndf6 $17 18. Nxe4 Bxe4 (18... Nxe4 $19 19. Rf1 Rfe8) 19. b3 Qb6 (19... Rxd1 $15 20. Qxd1 Qb6 21. Bxe4 Nxe4) 20. Bb2 $11 Bxg2 21. Nxg2 (21. Bxf6 $5 gxf6 22. Nxg2 $11) 21... Ne4 22. Qg4 {[%csl Gb2][%cal Rg4g7]} g6 {...Nf2 is the strong threat.} 23. Qf3 f5 24. g4 {[#]} (24. Qe2 $15) 24... a4 $1 $17 {[%mdl 512]} 25. Rxd8 (25. Be5 $142) (25. bxa4 Qxb2) 25... Rxd8 (25... Qxd8 26. Rd1 $15) 26. Rd1 axb3 27. axb3 Rd2 (27... Be7 $19 28. Rxd8+ Qxd8) 28. Rxd2 $11 Nxd2 29. Qf2 $2 (29. Qd1 $11 Bxe3 30. Nxe3 Qxe3 31. Bc1 Qf2+ 32. Kh1 Qf3+ 33. Qxf3 Nxf3 34. Be3) 29... Ne4 $19 (29... Nxb3 30. Qe1 $16) 30. Qh4 Kh7 (30... Qxb3 31. Qd8+ Bf8 32. Qd4 $11) (30... Bf8 $19 31. Be5 Kf7 32. gxf5 exf5) 31. Ba1 (31. Bd4 $1 $15) 31... Qa5 ({Wrong is} 31... Qxb3 $2 32. Qd8 $18) (31... Bd6 $142 32. Bd4 c5) 32. Be5 Bf8 33. Kh1 (33. Qe1 $17 Qxe1 34. Nxe1) 33... Qc5 (33... g5 $19 34. Qe1 Qxe1+ 35. Nxe1 fxg4 36. hxg4 Nf2+ 37. Kg2 Nxg4) 34. Qd8 (34. gxf5 $142 exf5 35. Qd8) 34... Qe7 ({Black should play} 34... fxg4 35. Bd4 Qe7 36. Qxe7+ Bxe7 37. hxg4 Nd2) 35. Qd4 $17 Qc5 (35... Nf2+ $17 36. Kh2 fxg4) 36. Qb2 (36. Qd7+ $11 Qe7 37. Qd4) 36... Be7 ({Black should try} 36... Qa3 $17 37. Qd4 Nf2+ 38. Kh2 fxg4) 37. Bh8 $11 {[%csl Gh8][%cal Rb2g7]} Bf8 38. Kh2 (38. Be5 $1 $11) 38... Qb4 39. h4 {[#]} (39. Be5 $17) 39... Qe7 ({Resist} 39... fxg4 {[#]} 40. h5 $1 $15 {[%mdl 512]}) ({Better is} 39... Qd2 $1 $19 {Hoping for ...Qxb2.} 40. gxf5 gxf5) 40. h5 (40. Be5 $15) 40... gxh5 ({But not} 40... fxg4 $6 41. hxg6+ Kxg6 42. Qb1 $11) 41. gxh5 $2 {[%mdl 8192]} (41. gxf5 $17 {nothing else works.} exf5 42. Be5) 41... Bg7 $2 (41... Qe8 $19 {has better winning chances.} 42. Kg1 Qxh5) 42. Bxg7 $17 Qxg7 43. Qe2 Qc3 {Accuracy: White = 33%, Black = 40%.} 1/2-1/2

[Event "Int SVK-ch Open 2020"]
[Site "Drienica"]
[Date "2020.08.10"]
[Round "4.24"]
[White "Holicky Miroslav"]
[Black "Djubek, Boris"]
[Result "1/2-1/2"]
[WhiteElo "1805"]
[BlackElo "2024"]
[Annotator "RC"]
[PlyCount "67"]
[EventDate "2020.08.07"]
[EventType "swiss"]
[EventCountry "SVK"]
[SourceTitle "playchess.com"]
[Source "ChessBase"]
[SourceQuality "1"]
[TimeControl "40/5400+30:1800+30"]

1. e4 {[%emt 0:00:37]} e5 {[%emt 0:00:00]} 2. Nf3 {[%emt 0:00:13]} Nc6 {[%emt 0:00:00]} 3. d4 {[%emt 0:00:19]} exd4 {[%emt 0:00:25]} 4. Nxd4 {[%emt 0:00:10]} Nf6 {[%emt 0:03:38]} 5. Nc3 {[%emt 0:00:18]} Bb4 {[%emt 0:04:19]} 6. Nxc6 {[%emt 0:00:12]} bxc6 {[%emt 0:10:31]} 7. Bd3 {[%emt 0:00:14]} d6 {[%emt 0:02:23]} 8. Bg5 {[%emt 0:03:03]} h6 {[%emt 0:01:39]} 9. Bh4 {[%emt 0:04:14]} g5 {[%emt 0:03:59]} 10. Bg3 {[%emt 0:00:30]} Bg4 {[%emt 0:07:32]} 11. f3 {[%emt 0:03:34]} Be6 {[%emt 0:02:15]} 12. Bf2 {[%emt 0:04:53]} Ba5 {[%emt 0:03:10]} 13. O-O {[%emt 0:11:58]} Bb6 {[%emt 0:01:26]} 14. Na4 {[%emt 0:03:03]} Bxf2+ {[%emt 0:01:26]} 15. Rxf2 {[%emt 0:00:44]} Rg8 {[%emt 0:05:40]} 16. g3 {[%emt 0:06:20]} Qd7 {[%emt 0:04:43]} 17. c3 {[%emt 0:12:16]} Kf8 {[%emt 0:03:19]} 18. Bc2 {[%emt 0:00:29]} Qe7 {[%emt 0:03:49]} 19. Qd2 {[%emt 0:05:08]} Nh5 {[%emt 0:03:37]} 20. Kh1 {[%emt 0:01:10]} Rg7 {[%emt 0:09:05]} 21. Qe3 {[%emt 0:01:57]} Bd7 {[%emt 0:01:19]} 22. Re1 {[%emt 0:00:54]} c5 {[%emt 0:06:01]} 23. c4 {[%emt 0:02:47]} Re8 {[%emt 0:10:25]} 24. Nc3 {[%emt 0:07:30]} Nf6 {[%emt 0:00:44]} 25. Rfe2 {[%emt 0:04:25]} Bc6 {[%emt 0:00:50]} 26. Nd5 {[%emt 0:06:08]} Nxd5 {[%emt 0:02:58]} 27. exd5 {[%emt 0:00:45]} Qxe3 {[%emt 0:00:31]} 28. Rxe3 {[%emt 0:00:11]} Bd7 {[%emt 0:02:54]} 29. Rxe8+ {[%emt 0:00:37]} Bxe8 {[%emt 0:00:19]} 30. Bf5 {[%emt 0:00:08]} h5 {[%emt 0:04:13]} 31. Kg2 {[%emt 0:02:22]} f6 {[%emt 0:00:40]} 32. Kf2 {[%emt 0:00:51]} Re7 {[%emt 0:00:14]} 33. Rxe7 {[%emt 0:01:11]} Kxe7 {[%emt 0:00:01]} 34. g4 {[%emt 0:00:38]} 1/2-1/2

[Event "Int SVK-ch Open 2020"]
[Site "Drienica"]
[Date "2020.08.10"]
[Round "4.25"]
[White "Bednar, Jan"]
[Black "Bujna Martin"]
[Result "1-0"]
[WhiteElo "2018"]
[BlackElo "1841"]
[Annotator "RC"]
[PlyCount "119"]
[EventDate "2020.08.07"]
[EventType "swiss"]
[EventCountry "SVK"]
[SourceTitle "playchess.com"]
[Source "ChessBase"]
[SourceQuality "1"]
[TimeControl "40/5400+30:1800+30"]

1. e4 {[%emt 0:00:00]} e5 {[%emt 0:00:00]} 2. Nf3 {[%emt 0:00:00]} Nf6 {[%emt 0:00:12]} 3. Nxe5 {[%emt 0:00:00]} d6 {[%emt 0:00:12]} 4. Nf3 {[%emt 0:00:00]} Nxe4 {[%emt 0:00:09]} 5. d4 {[%emt 0:02:25]} d5 {[%emt 0:00:21]} 6. Bd3 {[%emt 0:00:05]} Be7 {[%emt 0:01:14]} 7. O-O {[%emt 0:00:16]} O-O {[%emt 0:00:36]} 8. Re1 {[%emt 0:00:04]} Bf5 {[%emt 0:01:05]} 9. Nbd2 {[%emt 0:04:00]} Nxd2 {[%emt 0:01:28]} 10. Bxf5 {[%emt 0:00:40]} Nxf3+ {[%emt 0:00:34]} 11. Qxf3 {[%emt 0:00:06]} g6 {[%emt 0:00:41]} 12. Bd3 {[%emt 0:01:24]} Nc6 {[%emt 0:01:43]} 13. c3 {[%emt 0:06:37]} Re8 {[%emt 0:03:51]} 14. Bf4 {[%emt 0:01:04]} Qd7 {[%emt 0:02:38]} 15. h3 {[%emt 0:08:37]} Nd8 {[%emt 0:00:28]} 16. Re2 {[%emt 0:04:25]} Ne6 {[%emt 0:03:28]} 17. Be5 {[%emt 0:01:29]} c6 {[%emt 0:04:12]} 18. Rae1 {[%emt 0:01:26]} Bd6 {[%emt 0:01:47]} 19. Bf6 {[%emt 0:10:58]} Nf4 {[%emt 0:00:51]} 20. Rxe8+ {[%emt 0:09:01]} Rxe8 {[%emt 0:00:12]} 21. Rxe8+ {[%emt 0:00:30]} Qxe8 {[%emt 0:00:10]} 22. Bf1 {[%emt 0:00:19]} Qe6 {[%emt 0:02:56]} 23. Bh4 {[%emt 0:04:53]} Nh5 {[%emt 0:01:42]} 24. Bg5 {[%emt 0:03:41]} Be7 {[%emt 0:01:05]} 25. Be3 {[%emt 0:01:17]} Qe4 {[%emt 0:01:55]} 26. Qd1 {[%emt 0:02:39]} Qe6 {[%emt 0:06:09]} 27. Qb3 {[%emt 0:02:34]} b6 {[%emt 0:00:58]} 28. a4 {[%emt 0:01:23]} Ng3 {[%emt 0:00:22]} 29. Bd3 {[%emt 0:01:47]} Nf5 {[%emt 0:00:16]} 30. Bd2 {[%emt 0:01:23]} Bd8 {[%emt 0:05:09]} 31. Qc2 {[%emt 0:04:25]} Ng7 {[%emt 0:00:50]} 32. b3 {[%emt 0:01:11]} Bc7 {[%emt 0:00:31]} 33. Qd1 {[%emt 0:02:53]} Qd6 {[%emt 0:00:27]} 34. g3 {[%emt 0:01:39]} Qe6 {[%emt 0:03:08]} 35. Kg2 {[%emt 0:00:59]} Qf6 {[%emt 0:03:17]} 36. Qg4 {[%emt 0:04:54]} Ne6 {[%emt 0:01:06]} 37. h4 {[%emt 0:02:05]} h5 {[%emt 0:00:29]} 38. Qe2 {[%emt 0:01:18]} Bd8 {[%emt 0:03:02]} 39. Qe3 {[%emt 0:01:13]} a5 {[%emt 0:02:54]} 40. Ba6 {[%emt 0:03:45]} c5 {[%emt 0:03:46]} 41. Bb7 {[%emt 0:32:45]} cxd4 {[%emt 0:30:42]} 42. cxd4 {[%emt 0:00:06]} Qxd4 {[%emt 0:00:13]} 43. Qxd4 {[%emt 0:00:18]} Nxd4 {[%emt 0:00:19]} 44. Bxd5 {[%emt 0:00:03]} Ne6 {[%emt 0:00:45]} 45. Bxe6 {[%emt 0:04:59]} fxe6 {[%emt 0:00:13]} 46. Kf3 {[%emt 0:00:06]} Kf7 {[%emt 0:03:42]} 47. Ke4 {[%emt 0:00:05]} Bc7 {[%emt 0:00:27]} 48. Kd3 {[%emt 0:00:27]} e5 {[%emt 0:03:04]} 49. Kc4 {[%emt 0:00:54]} Ke6 {[%emt 0:00:18]} 50. Be3 {[%emt 0:00:00]} Kf5 {[%emt 0:05:42]} 51. Kd5 {[%emt 0:00:28]} e4 {[%emt 0:01:06]} 52. Bg5 {[%emt 0:04:05]} Bb8 {[%emt 0:08:30]} 53. Bd8 {[%emt 0:00:53]} Ba7 {[%emt 0:00:18]} 54. Bc7 {[%emt 0:00:00]} b5 {[%emt 0:00:00]} 55. axb5 {[%emt 0:00:00]} Bxf2 {[%emt 0:00:00]} 56. b6 {[%emt 0:00:00]} e3 {[%emt 0:00:00]} 57. b7 {[%emt 0:00:00]} e2 {[%emt 0:00:00]} 58. b8=Q {[%emt 0:00:00]} e1=Q {[%emt 0:00:00]} 59. Qc8+ {[%emt 0:00:00]} Kf6 {[%emt 0:00:00]} 60. Qf8# {[%emt 0:00:00]} 1-0

[Event "Int SVK-ch Open 2020"]
[Site "Drienica"]
[Date "2020.08.10"]
[Round "4.25"]
[White "Kulich, Filip"]
[Black "Magdova, Lucia"]
[Result "1-0"]
[WhiteElo "1397"]
[BlackElo "1046"]
[Annotator "NA"]
[PlyCount "41"]
[EventDate "2020.08.07"]
[EventType "swiss"]
[EventCountry "SVK"]
[SourceTitle "playchess.com"]
[Source "ChessBase"]
[SourceQuality "1"]
[TimeControl "40/5400+30:1800+30"]

1. e4 {[%emt 0:00:00]} e5 {[%emt 0:00:09]} 2. Nf3 Nc6 {[%emt 0:01:07]} 3. Bc4 {[%emt 0:00:25]} Nf6 {[%emt 0:02:27]} 4. Ng5 {[%emt 0:01:19]} Qe7 {[%emt 0:03:06]} 5. Nxf7 {[%emt 0:01:07]} Rg8 {[%emt 0:00:38]} 6. Ng5 {[%emt 0:00:32]} Rh8 {[%emt 0:00:40]} 7. Nc3 {[%emt 0:01:25]} d6 {[%emt 0:01:20]} 8. Bf7+ {[%emt 0:02:09]} Kd8 {[%emt 0:02:46]} 9. Bc4 {[%emt 0:00:29]} Bg4 {[%emt 0:01:07]} 10. f3 {[%emt 0:00:37]} Bh5 {[%emt 0:02:44]} 11. d3 {[%emt 0:04:18]} h6 {[%emt 0:01:05]} 12. Ne6+ {[%emt 0:03:05]} Ke8 {[%emt 0:04:56]} 13. Nd5 {[%emt 0:04:51]} Qd7 {[%emt 0:03:47]} 14. Nexc7+ {[%emt 0:01:28]} Kd8 {[%emt 0:02:45]} 15. Nxa8 {[%emt 0:00:46]} Qc8 {[%emt 0:01:24]} 16. Nac7 {[%emt 0:01:52]} Be7 {[%emt 0:07:54]} 17. Nxe7 {[%emt 0:01:01]} Qxc7 {[%emt 0:01:51]} 18. Nxc6+ {[%emt 0:02:52]} Qxc6 {[%emt 0:01:39]} 19. Be3 {[%emt 0:01:19]} g5 {[%emt 0:03:17]} 20. Qd2 {[%emt 0:01:28]} Rg8 {[%emt 0:04:40]} 21. Bxg8 {[%emt 0:01:00]} 1-0

[Event "Int SVK-ch Open 2020"]
[Site "Drienica"]
[Date "2020.08.10"]
[Round "4.26"]
[White "Sosovickova, Martina"]
[Black "Sevcik, Ondrej"]
[Result "1-0"]
[WhiteElo "1362"]
[BlackElo "1017"]
[Annotator "NA"]
[PlyCount "35"]
[EventDate "2020.08.07"]
[EventType "swiss"]
[EventCountry "SVK"]
[SourceTitle "playchess.com"]
[Source "ChessBase"]
[SourceQuality "1"]
[TimeControl "40/5400+30:1800+30"]

1. e4 {[%emt 0:00:00]} e6 {[%emt 0:00:00]} 2. d4 {[%emt 0:00:00]} d5 {[%emt 0:00:00]} 3. Nc3 {[%emt 0:01:14]} c5 {[%emt 0:01:28]} 4. Nf3 {[%emt 0:03:11]} Be7 {[%emt 0:01:00]} 5. exd5 {[%emt 0:01:33]} exd5 {[%emt 0:00:56]} 6. dxc5 {[%emt 0:01:23]} Bxc5 {[%emt 0:00:51]} 7. Qxd5 {[%emt 0:00:44]} Qb6 {[%emt 0:01:03]} 8. Bb5+ {[%emt 0:01:31]} Bd7 {[%emt 0:00:38]} 9. Bxd7+ {[%emt 0:00:24]} Nxd7 {[%emt 0:00:16]} 10. O-O {[%emt 0:00:42]} Ngf6 {[%emt 0:01:32]} 11. Qb3 {[%emt 0:05:13]} Qc7 {[%emt 0:01:10]} 12. Re1+ {[%emt 0:01:54]} Be7 {[%emt 0:00:53]} 13. Bg5 {[%emt 0:03:08]} h6 {[%emt 0:00:59]} 14. Bh4 {[%emt 0:00:19]} Nc5 {[%emt 0:02:25]} 15. Qb5+ {[%emt 0:03:25]} Ncd7 {[%emt 0:00:35]} 16. Bxf6 {[%emt 0:01:04]} gxf6 {[%emt 0:00:24]} 17. Nd5 {[%emt 0:00:25]} Qd6 {[%emt 0:01:06]} 18. Nxe7 {[%emt 0:00:43]} 1-0

[Event "Int SVK-ch Open 2020"]
[Site "Drienica"]
[Date "2020.08.13"]
[Round "5.1"]
[White "Czebe Attila"]
[Black "Bures Jaroslav"]
[Result "1/2-1/2"]
[WhiteElo "2378"]
[BlackElo "2396"]
[Annotator "ChessBase"]
[PlyCount "66"]
[EventDate "2020.08.07"]
[EventType "swiss"]
[EventCountry "SVK"]
[TimeControl "40/5400+30:1800+30"]

1. Nf3 {[%emt 0:00:09]} d5 {[%emt 0:06:00]} 2. b3 {[%emt 0:00:35]} Bf5 {[%emt 0:00:28]} 3. Bb2 {[%emt 0:00:10]} e6 {[%emt 0:00:06]} 4. g3 {[%emt 0:00:15]} Nd7 {[%emt 0:00:32]} 5. Bg2 {[%emt 0:00:05]} Ngf6 {[%emt 0:00:39]} 6. O-O {[%emt 0:00:38]} Be7 {[%emt 0:00:50]} 7. d3 {[%emt 0:00:07]} O-O {[%emt 0:00:15]} 8. Nbd2 {[%emt 0:01:00]} h6 {[%emt 0:01:03]} 9. Re1 {[%emt 0:01:53]} Nc5 {[%emt 0:01:34]} 10. Ne5 {[%emt 0:02:17]} c6 {[%emt 0:02:48]} 11. e4 {[%emt 0:02:46]} dxe4 {[%emt 0:03:28]} 12. dxe4 {[%emt 0:00:35]} Bh7 {[%emt 0:00:05]} 13. Qe2 {[%emt 0:01:20]} Qc7 {[%emt 0:02:58]} 14. Nd3 {[%emt 0:04:45]} Rad8 {[%emt 0:08:31]} 15. Nxc5 {[%emt 0:03:26]} Bxc5 {[%emt 0:00:07]} 16. Nc4 {[%emt 0:06:07]} b5 {[%emt 0:16:07]} 17. e5 {[%emt 0:06:20]} Nd5 {[%emt 0:12:33]} 18. Nd6 {[%emt 0:01:18]} b4 {[%emt 0:04:38]} 19. Nc4 {[%emt 0:01:27]} Nc3 {[%emt 0:06:28]} 20. Bxc3 {[%emt 0:01:20]} bxc3 {[%emt 0:00:03]} 21. Rad1 {[%emt 0:02:56]} Rxd1 {[%emt 0:09:08]} 22. Rxd1 {[%emt 0:00:06]} f6 {[%emt 0:00:03]} 23. b4 {[%emt 0:09:22]} Bxb4 {[%emt 0:00:56]} 24. exf6 {[%emt 0:00:07]} Rxf6 {[%emt 0:00:09]} 25. f4 {[%emt 0:00:09]} Bf5 {[%emt 0:03:51]} 26. Be4 {[%emt 0:02:36]} Qe7 {[%emt 0:10:18]} 27. Kg2 {[%emt 0:01:07]} g5 {[%emt 0:01:14]} 28. fxg5 {[%emt 0:16:20]} hxg5 {[%emt 0:00:00]} 29. Ne5 {[%emt 0:06:41]} Qc7 {[%emt 0:00:00]} 30. Ng4 {[%emt 0:00:30]} Rg6 {[%emt 0:00:00]} 31. Rf1 {[%emt 0:00:30]} Qa5 {[%emt 0:00:00]} 32. Qf3 {[%emt 0:00:00]} Be7 {[%emt 0:08:03]} 33. Ra1 {[%emt 0:22:38]} Qb5 {[%emt 0:00:30]} 1/2-1/2

[Event "Int SVK-ch Open 2020"]
[Site "Drienica"]
[Date "2020.08.11"]
[Round "5.1"]
[White "Sevcikova, Lucia"]
[Black "Holicky, Miroslav"]
[Result "1-0"]
[WhiteElo "2017"]
[BlackElo "1793"]
[Annotator "ChessBase"]
[PlyCount "69"]
[EventDate "2020.08.07"]
[EventType "swiss"]
[EventCountry "SVK"]
[SourceTitle "playchess.com"]
[Source "ChessBase"]
[SourceQuality "1"]
[TimeControl "40/5400+30:1800+30"]

1. e4 {[%emt 0:00:00]} d5 {[%emt 0:00:00]} 2. exd5 {[%emt 0:00:00]} Nf6 {[%emt 0:00:00]} 3. d4 {[%emt 0:00:17]} Bg4 {[%emt 0:00:10]} 4. f3 {[%emt 0:00:39]} Bf5 {[%emt 0:00:15]} 5. Bb5+ {[%emt 0:00:28]} Nbd7 {[%emt 0:00:17]} 6. c4 {[%emt 0:00:29]} e6 {[%emt 0:00:08]} 7. dxe6 {[%emt 0:00:09]} Bxe6 {[%emt 0:00:12]} 8. d5 {[%emt 0:00:28]} Bf5 {[%emt 0:00:07]} 9. Nc3 {[%emt 0:00:21]} Bb4 {[%emt 0:00:10]} 10. g4 {[%emt 0:05:16]} Nxg4 {[%emt 0:18:47]} 11. fxg4 {[%emt 0:06:36]} Qh4+ {[%emt 0:01:09]} 12. Kf1 {[%emt 0:01:10]} Bxg4 {[%emt 0:02:43]} 13. Qe1+ {[%emt 0:01:40]} Qxe1+ {[%emt 0:04:35]} 14. Kxe1 {[%emt 0:00:03]} O-O-O {[%emt 0:00:54]} 15. Bxd7+ {[%emt 0:16:55]} Rxd7 {[%emt 0:00:47]} 16. Kf2 {[%emt 0:02:03]} Re8 {[%emt 0:06:00]} 17. Bd2 {[%emt 0:04:09]} Bc5+ {[%emt 0:03:30]} 18. Kg3 {[%emt 0:02:10]} f5 {[%emt 0:06:58]} 19. h3 {[%emt 0:07:32]} Bh5 {[%emt 0:03:53]} 20. Nf3 {[%emt 0:02:18]} g5 {[%emt 0:08:08]} 21. Rae1 {[%emt 0:02:11]} Rg8 {[%emt 0:04:52]} 22. Ne5 {[%emt 0:02:02]} f4+ {[%emt 0:02:36]} 23. Kh2 {[%emt 0:03:16]} Rdg7 {[%emt 0:02:21]} 24. Ng4 {[%emt 0:03:00]} Bxg4 {[%emt 0:08:03]} 25. hxg4 {[%emt 0:00:16]} Bf2 {[%emt 0:01:39]} 26. Re6 {[%emt 0:02:43]} f3 {[%emt 0:01:29]} 27. Rf1 {[%emt 0:01:03]} Bh4 {[%emt 0:01:01]} 28. Rxf3 {[%emt 0:00:31]} h5 {[%emt 0:00:15]} 29. gxh5 {[%emt 0:01:41]} g4 {[%emt 0:00:23]} 30. Rf5 {[%emt 0:00:47]} Bf2 {[%emt 0:01:20]} 31. Kg2 {[%emt 0:01:17]} g3 {[%emt 0:00:15]} 32. Ne4 {[%emt 0:01:12]} Rg4 {[%emt 0:01:04]} 33. Nf6 {[%emt 0:03:12]} Rh4 {[%emt 0:01:49]} 34. Nxg8 {[%emt 0:00:06]} Rh2+ {[%emt 0:00:07]} 35. Kf3 {[%emt 0:00:24]} 1-0

[Event "Int SVK-ch Open 2020"]
[Site "Drienica"]
[Date "2020.08.11"]
[Round "5.2"]
[White "Bombek Peter"]
[Black "Manik Mikulas"]
[Result "1/2-1/2"]
[WhiteElo "2165"]
[BlackElo "2366"]
[Annotator "ChessBase"]
[PlyCount "26"]
[EventDate "2020.08.07"]
[EventType "swiss"]
[EventCountry "SVK"]
[SourceTitle "playchess.com"]
[Source "ChessBase"]
[SourceQuality "1"]
[TimeControl "40/5400+30:1800+30"]

1. d4 {[%emt 0:00:01]} Nf6 {[%emt 0:00:00]} 2. Nf3 {[%emt 0:00:06]} g6 {[%emt 0:00:00]} 3. g3 {[%emt 0:00:10]} Bg7 {[%emt 0:00:00]} 4. Bg2 {[%emt 0:00:03]} O-O {[%emt 0:00:00]} 5. O-O {[%emt 0:00:05]} d6 {[%emt 0:00:00]} 6. a4 {[%emt 0:00:10]} c6 {[%emt 0:00:00]} 7. b3 {[%emt 0:00:54]} a5 {[%emt 0:01:51]} 8. Bb2 {[%emt 0:01:12]} d5 {[%emt 0:00:32]} 9. Nbd2 {[%emt 0:01:09]} Bf5 {[%emt 0:00:38]} 10. Ne5 {[%emt 0:02:41]} Qc8 {[%emt 0:01:54]} 11. Rc1 {[%emt 0:09:58]} Bh3 {[%emt 0:02:52]} 12. Ba3 {[%emt 0:02:18]} Re8 {[%emt 0:01:21]} 13. c4 {[%emt 0:02:30]} Na6 {[%emt 0:06:26]} 1/2-1/2

[Event "Int SVK-ch Open 2020"]
[Site "Drienica"]
[Date "2020.08.11"]
[Round "5.2"]
[White "Tomanek, Rafael"]
[Black "Kucera, Michal"]
[Result "1-0"]
[WhiteElo "1821"]
[BlackElo "2007"]
[Annotator "ChessBase"]
[PlyCount "83"]
[EventDate "2020.08.07"]
[EventType "swiss"]
[EventCountry "SVK"]
[SourceTitle "playchess.com"]
[Source "ChessBase"]
[SourceQuality "1"]
[TimeControl "40/5400+30:1800+30"]

1. d4 {[%emt 0:00:00]} Nf6 {[%emt 0:00:00]} 2. Nf3 {[%emt 0:00:00]} b6 {[%emt 0:00:00]} 3. g3 {[%emt 0:00:23]} Bb7 {[%emt 0:00:16]} 4. Bg2 {[%emt 0:00:09]} e6 {[%emt 0:01:16]} 5. O-O {[%emt 0:00:23]} Be7 {[%emt 0:00:22]} 6. c4 {[%emt 0:00:38]} O-O {[%emt 0:01:39]} 7. Nc3 {[%emt 0:00:20]} Ne4 {[%emt 0:03:11]} 8. Nxe4 {[%emt 0:00:13]} Bxe4 {[%emt 0:00:05]} 9. Nh4 {[%emt 0:00:13]} Bxg2 {[%emt 0:00:43]} 10. Nxg2 {[%emt 0:00:03]} d6 {[%emt 0:05:57]} 11. Bd2 {[%emt 0:10:56]} Nd7 {[%emt 0:04:31]} 12. e4 {[%emt 0:05:42]} c5 {[%emt 0:03:19]} 13. d5 {[%emt 0:06:36]} exd5 {[%emt 0:02:06]} 14. exd5 {[%emt 0:02:20]} Bf6 {[%emt 0:01:59]} 15. Qc2 {[%emt 0:08:54]} Re8 {[%emt 0:09:05]} 16. Bc3 {[%emt 0:03:32]} Bxc3 {[%emt 0:03:46]} 17. Qxc3 {[%emt 0:00:31]} Qf6 {[%emt 0:00:37]} 18. Qxf6 {[%emt 0:04:43]} Nxf6 {[%emt 0:00:06]} 19. Rfe1 {[%emt 0:01:09]} Kf8 {[%emt 0:02:44]} 20. Rxe8+ {[%emt 0:10:13]} Rxe8 {[%emt 0:12:04]} 21. Re1 {[%emt 0:04:07]} Rxe1+ {[%emt 0:11:27]} 22. Nxe1 {[%emt 0:00:02]} Ke7 {[%emt 0:00:26]} 23. f3 {[%emt 0:00:52]} b5 {[%emt 0:00:57]} 24. Nc2 {[%emt 0:06:46]} bxc4 {[%emt 0:01:21]} 25. Ne3 {[%emt 0:00:03]} g6 {[%emt 0:00:24]} 26. Kf2 {[%emt 0:00:30]} Nd7 {[%emt 0:07:01]} 27. Nxc4 {[%emt 0:04:12]} Nb6 {[%emt 0:08:37]} 28. Nxb6 {[%emt 0:09:04]} axb6 {[%emt 0:00:05]} 29. a4 {[%emt 0:00:16]} Kf6 {[%emt 0:00:11]} 30. f4 {[%emt 0:00:29]} Ke7 {[%emt 0:04:58]} 31. Ke3 {[%emt 0:00:42]} h5 {[%emt 0:03:50]} 32. Kd3 {[%emt 0:01:00]} b5 {[%emt 0:07:52]} 33. axb5 {[%emt 0:00:19]} Kd7 {[%emt 0:00:02]} 34. Kc4 {[%emt 0:01:38]} Kc7 {[%emt 0:00:04]} 35. b4 {[%emt 0:00:19]} cxb4 {[%emt 0:00:39]} 36. Kxb4 {[%emt 0:00:05]} Kb6 {[%emt 0:01:17]} 37. Ka4 {[%emt 0:00:14]} Kb7 {[%emt 0:02:51]} 38. Ka5 {[%emt 0:00:09]} Ka7 {[%emt 0:00:08]} 39. b6+ {[%emt 0:00:12]} Kb8 {[%emt 0:00:13]} 40. Ka6 {[%emt 0:00:18]} Ka8 {[%emt 0:00:26]} 41. b7+ {[%emt 0:30:19]} Kb8 {[%emt 0:30:06]} 42. Kb6 {[%emt 0:01:35]} 1-0

[Event "Int SVK-ch Open 2020"]
[Site "Drienica"]
[Date "2020.08.13"]
[Round "5.3"]
[White "Istona Martin"]
[Black "Macko Michal"]
[Result "1/2-1/2"]
[WhiteElo "2267"]
[BlackElo "2142"]
[Annotator "ChessBase"]
[PlyCount "53"]
[EventDate "2020.08.07"]
[EventType "swiss"]
[EventCountry "SVK"]
[TimeControl "40/5400+30:1800+30"]

1. e4 {[%emt 0:03:31]} e6 {[%emt 0:00:00]} 2. d4 {[%emt 0:00:08]} d5 {[%emt 0:00:00]} 3. e5 {[%emt 0:00:38]} c5 {[%emt 0:00:00]} 4. c3 {[%emt 0:00:04]} Nc6 {[%emt 0:00:00]} 5. Nf3 {[%emt 0:00:05]} Bd7 {[%emt 0:00:00]} 6. Be2 {[%emt 0:00:46]} Nge7 {[%emt 0:00:11]} 7. O-O {[%emt 0:01:33]} Ng6 {[%emt 0:00:12]} 8. g3 {[%emt 0:02:34]} Be7 {[%emt 0:01:16]} 9. h4 {[%emt 0:01:42]} O-O {[%emt 0:00:06]} 10. h5 {[%emt 0:06:59]} Nh8 {[%emt 0:00:07]} 11. dxc5 {[%emt 0:01:04]} Bxc5 {[%emt 0:01:08]} 12. c4 {[%emt 0:00:35]} dxc4 {[%emt 0:05:29]} 13. Bxc4 {[%emt 0:02:37]} Qc7 {[%emt 0:00:09]} 14. Bf4 {[%emt 0:23:09]} b5 {[%emt 0:12:50]} 15. Bd3 {[%emt 0:03:47]} Nb4 {[%emt 0:01:06]} 16. Be4 {[%emt 0:03:00]} Bc6 {[%emt 0:00:22]} 17. Ng5 {[%emt 0:03:24]} g6 {[%emt 0:00:51]} 18. Qg4 {[%emt 0:06:46]} Bxe4 {[%emt 0:00:37]} 19. Nxe4 {[%emt 0:00:42]} Be7 {[%emt 0:02:06]} 20. Nf6+ {[%emt 0:08:02]} Bxf6 {[%emt 0:00:25]} 21. exf6 {[%emt 0:00:04]} Qc5 {[%emt 0:02:56]} 22. Be3 {[%emt 0:04:30]} Qc4 {[%emt 0:00:11]} 23. Qg5 {[%emt 0:04:03]} Nd5 {[%emt 0:00:10]} 24. Nc3 {[%emt 0:12:06]} h6 {[%emt 0:00:08]} 25. Qe5 {[%emt 0:04:47]} Nxc3 {[%emt 0:00:46]} 26. bxc3 {[%emt 0:00:29]} Qg4 {[%emt 0:02:07]} 27. Rad1 {[%emt 0:03:54]} 1/2-1/2